000 00458nam a2200157Ia 4500
008 240729s9999 xx 000 0 und d
022 _a1847-6228
245 0 _aOrganization, Technology and Management in Construction: An International Journal
260 _aPoland
260 _bSciendo
650 _a Building construction
650 _aTechnology
856 _uhttps://doaj.org/toc/3c2c20de1c324f249356c1de4fac6e2d
942 _2ddc
942 _cDOAJEJ
999 _c68486
_d68486
945 _a1
_bMadushi Gamage
_c1
_dMadushi Gamage